Statistics for MLB Managers by Picture

Click here to take the quiz!

General Stats

  • This quiz has been taken 43 times
  • The average score is 18 of 30

Answer Stats

Answer% Correct
Dusty Baker
93%
Aaron Boone
90%
Terry Francona
90%
Bruce Bochy
88%
A.J. Hinch
85%
Alex Cora
85%
Dave Roberts
85%
Buck Showalter
80%
Kevin Cash
80%
Brian Snitker
78%
David Ross
75%
Bud Black
73%
Dave Martinez
70%
Craig Counsell
60%
Bob Melvin
58%
Brandon Hyde
55%
Gabe Kapler
55%
Phil Nevin
55%
Rob Thomson
53%
Rocco Baldelli
50%
David Bell
43%
Scott Servais
43%
John Schneider
40%
Skip Schumaker
38%
Torey Lovullo
35%
Mark Kotsay
28%
Derek Shelton
25%
Oliver Marmol
25%
Matt Quatraro
15%
Pedro Grifol
15%

Score Distribution

Percentile by Number Answered

Percent of People with Each Score

Your Score History

You have not taken this quiz